000
00249nam a22001217a 4500
008
260105b ||||| |||| 00| 0 eng d
041
_a
eng
080
_a
654.1
100
_a
24
101
_a
gaz
245
_a
Transmetuesi Publik
942
_2
lcc
_c
BK
999
_c
60748
_d
60748